• 首页
  • 本馆介绍
  • 公告通知
  • 最新文献
  • 馆藏检索
  • 电子资源
  • 读者导购
  • 参考咨询
  • 我的图书馆
  • 登录
  • 详细信息显示
  • 放入我的书架
  • 预约/预借图书
  • 作者相关作品
  • 分类相关作品
  • 丛书相关作品
  • 出版社相关作品

书目信息

  • 表格格式
  • 工作单格式
  • 卡片格式
书名: My country and my people =
作者: 林语堂著.
分册号:
分册名:
出版地: Beijing :
 
出版社: Foreign Language Teaching and Research Press
出版时间: 2009.
页数: xx, 364 p., [16] p. of plates :
开本: 21 cm.
丛书名:
中图分类号:
科图分类号:
其他分类号: C955.2
主题词:
电子资源:
000 00805cam a2200253 a 4500
001 E1252557820
005 20120419143653.90
008 090513s2009 cc ac 000 0 eng d
020    @a9787560081359 :@cCNY24.90.
040    @aBNU@cBNU@dXJT
043    @aa-cc---
090    @aI266/X1(1)
090    @aC955.2
092    @bXF09-72-032@aCN
093    @aI266 @2 4
099    @dC955.2@ex39
100 1  @aLin, Yutang@A(林语堂),@d1895-1976.
245 10 @aMy country and my people =@b吾国与吾民 / @c林语堂著.
246 31 @a吾国与吾民
260    @aBeijing :@bForeign Language Teaching and Research Press,@c2009.
300    @axx, 364 p., [16] p. of plates :@bill., ports. ;@c21 cm.
490 0  @aEnglish works of Lin Yutang =@a林语堂英文作品集
650  0 @aNational characteristics@zChina.
920    @a232010@z2
    
    My country and my people = : 吾国与吾民 / / 林语堂著.-Beijing : : Foreign Language Teaching and Research Press, , 2009.
    xx, 364 p., [16] p. of plates : : ill., ports. ; ; 21 cm.- (English works of Lin Yutang = 林语堂英文作品集 )
    
    
    ISBN 9787560081359 :CNY24.90.
    
●
相关链接 在E读中查询图书 在五车中查询图书 在当当中查询图书 在豆瓣中查询图书


正题名:My country and my people =     索取号:C955.2/x39         预约/预借

序号 登录号 条形码 馆藏地/架位号 状态 备注
1 17894   300178947   第二样本阅览室/ [索取号:C955.2/x39] 在馆    
2 17895   300178956   第四借阅区/ [索取号:C955.2/x39] 在馆    
3 17896   300178965   第四借阅区/ [索取号:C955.2/x39] 在馆    
4 17897   300178974   第四借阅区/ [索取号:C955.2/x39] 在馆    
5 17898   300178983   第四借阅区/ [索取号:C955.2/x39] 在馆    
6 17899   300178992   第四借阅区/ [索取号:C955.2/x39] 在馆    
唐山师范学院图书馆 欢迎您!
大连网信软件有限公司© 版权所有